College Football Playoff Rankings (2024) - Statistics

General Stats
  • This quiz has been taken 134 times
  • The average score is 37 of 50
Answer Stats
1 # Player % Correct
1 2 Ohio State
98%
2 2 Ohio State
98%
1 1 Oregon
98%
2 1 Oregon
98%
1 5 Texas
97%
2 3 Texas
97%
1 11 Alabama
96%
2 10 Alabama
96%
1 3 Georgia
94%
2 12 Georgia
94%
1 6 Penn State
94%
2 4 Penn State
94%
1 23 Clemson
88%
2 20 Clemson
88%
1 10 Notre Dame
85%
2 8 Notre Dame
85%
1 12 Boise State
83%
2 13 Boise State
83%
1 8 Indiana
80%
2 5 Indiana
80%
1 7 Tennessee
80%
2 7 Tennessee
80%
1 4 Miami
77%
2 9 Miami
77%
1 14 Texas A&M
77%
2 15 Texas A&M
77%
1 13 SMU
74%
2 14 SMU
74%
1 15 LSU
73%
2 22 LSU
73%
1 16 Ole Miss
68%
2 11 Ole Miss
68%
1 9 BYU
65%
2 6 BYU
65%
2 21 South Carolina
64%
1 20 Colorado
62%
2 17 Colorado
62%
1 25 Army
58%
2 24 Army
58%
1 17 Iowa State
58%
1 19 Kansas State
51%
2 16 Kansas State
51%
1 24 Missouri
50%
2 23 Missouri
50%
1 18 Pitt
45%
2 25 Tulane
45%
1 22 Louisville
39%
2 19 Louisville
39%
1 21 Washington State
36%
2 18 Washington State
36%
No matching quizzes found
Score Distribution
Percent of People with Each Score
Percentile by Number Answered
Your Score History
You have not taken this quiz